00539nam a22001937a 45000010005000000030006000050050017000110080041000280200013000690400029000820500008001111000020001192450063001392600038002023000048002405050008002885210029002965210020003258145FISKH20250828123154.0250828b cb ||||| |||| 00| 0 eng d a11193838 aFISKHbengcFISKHdFISKH aPZ7 aUnknown Arthor  aChhota Birbal the treasures of Dwarka /cBy Unknown Author aDenmark : bEgmont Imagination ,  a24 pages :bcolor illustrations ;c20 cm .  aJ 8 a500 bLexile estimate 8 aJ bRaz-Plus